000
00380nam a2200133 4500
999
_c
356216
_d
356216
082
_a
MSITE-1 ASM
100
_a
Asma Sharif Akhtar
245
_a
Role of artificial intelligence in eLearning
260
_a
Islamabad
_b
NUST-SEECS
_c
2017
300
_a
pv.
_e
CD Includes
942
_2
ddc